Регионална библиотека "Любен Каравелов" - Русе

Иван Абаджиев (Запис номер 130145)

MARC детайли
000 -Лидер
Контролно поле с фиксирана дължина 01717nam a2200409 c 4500
003 - Код на организацията, давaща контролен номер
Контролно поле BLK
005 - Дата и час на последна редакция
Контролно поле 20180422111450.0
008 - Елементи от данни с фиксирана дължина
fixed length control field 180409b bul|||||r ||||||| ||bul||
010 ## - Наследен системен номер
LC control number KNG00135897000
040 ## - Източник на каталожния запис
Идентификатор на билиотеката - собственик на записа BLK
041 ## - Код за език
Код за езика на текст/звукозапис или на отделно заглавие Български
Код за езика КДБФ Български
080 ## - УДК
Текстов определител УДК Вдигане на тежести
УДК код - определител по УДК 796.88
УДК определител (092)
УДК - код + определител 796.88(092)
080 ## - УДК
Текстов определител УДК Български тежкоатлет
УДК код - определител по УДК 929 Абаджиев, Иван Николов
УДК определител
УДК - код + определител 929 Абаджиев, Иван Николов
100 1# - Редна дума - Автор
Автор Богданова, Надежда Асенова
Авторска отговорност първи автор
R(LIN) 268549
139 ## - Редно поле
Редна дума Богданова, Надежда Асенова
Авторски знак Аб - А 12
245 10 - Сведения за заглавието
Заглавие Иван Абаджиев
Подзаглавни данни Творчески портр.
Редно поле (дума) Надежда Асенова Богданова.
257 ## - Страна на издаване
Страна на създаване/издаване България
260 ## - Област на издателските данни
-- София
Име на издателя, разпространителя и проч. Медицина и физкултура
Година на издаване 1983
Печатница Пловдив : Д. Благоев
300 ## - Физическа характеристика
Страници 108 с.
Илюстрации и др. 4 л. : ил., портр., табл.
Размери/Мащаб 20 см
380 ## - Жанр
Жанр 793/799 Спорт
490 1# - СЕРИИ (Колекции)
Име на серия Спорт и личност
500 ## - Общи забележки
Забележка 2 610 тир.
600 14 - Име на лице, използвано като предмет
За него / За нея Абаджиев, Иван Николов
9 (RLIN) 371749
650 #4 - Допълнително описание по предмет – тема
Основно описание – тема или топоним Вдигане на тежести [спорт] - България
9 (RLIN) 297373
650 #4 - Допълнително описание по предмет – тема
Основно описание – тема или топоним Абаджиев, Иван Николов
9 (RLIN) 371749
651 #4 - Допълнително описание по предмет - топоним
Географско понятие България
9 (RLIN) 241624
653 ## - Ключова дума – ненормативна
Ключова дума Иван Абаджиев
653 ## - Ключова дума – ненормативна
Ключова дума вдигане на тежести
653 ## - Ключова дума – ненормативна
Ключова дума щангисти
653 ## - Ключова дума – ненормативна
Ключова дума спортисти
653 ## - Ключова дума – ненормативна
Ключова дума треньори
852 ## - Местоположение
Форматна сигнатура Цб 122808
856 4# - Електронен адрес и достъп
Електронен формат pdf - файл
Път до файла /url/
856 4# - Електронен адрес и достъп
Електронен формат pdf - файл
Път до файла /url/
942 ## - АРТИКУЛИ
Вид на библиотечния материал Книги
Скрит в OPAC Не
944 ## - СЪЗДАВАНЕ И РЕДАКЦИЯ на ЗАПИСА
Създаване/Редакция Създаване
Дата на регистрацията/редакция 07.11.2012
Статус, дата на статуса 07.11.2012 - от С1,Р / 07.11.2012
Служител, извършил регистрацията/редакцията Диана_Димитрова
944 ## - СЪЗДАВАНЕ И РЕДАКЦИЯ на ЗАПИСА
Създаване/Редакция Редакция
Дата на регистрацията/редакция 07.11.2012
Статус, дата на статуса 07.11.2012 - от С1,Р / 07.11.2012
Служител, извършил регистрацията/редакцията
999 ## - СИСТЕМНИ КОНТРОЛНИ НОМЕРА
Koha biblionumber 130145
Koha biblioitemnumber 130145
Наличности
Код за отписване Код за изгубен артикул Източник на класификационната схема Код за повреда Коз за рестрикции Код за отдаване Артикулен № Име на библиотеката - собственик Име на библиотеката, в която се намира в момента Статус (Текущо местоположение) Дата на вписване в системата Местоположение - отдел Цена в лева Инвентарен номер Систематично азбучна сигнатура Баркод Номер на екземпляра Цена в евро Служебна бележка Служебен тип на артикула
  Не е изгубен Universal Decimal Classification Не е повреден без рестрикции ползва се в читалня 211583 Регионална библиотека "Любен Каравелов" Русе Регионална библиотека "Любен Каравелов" Русе Хранилище 1983-01-01 Хранилище 0.80 383085 Цб 122808 900000018102 1 0.41 Дост: Dp Вид: Д N: стар фонд Дата: 01.01.1983 Книги
Изтеглен Не е изгубен Universal Decimal Classification Не е повреден без рестрикции заемане за дома 211584 Регионална библиотека "Любен Каравелов" Русе Регионална библиотека "Любен Каравелов" Русе Заемна - подръчен фонд 1983-01-01 Заемна - подръчен фонд 0.80 383009 П 796.8(092)/А 12 120000383009 2 0.41 Дост: Pk Вид: Ф N: стар фонд Дата: 01.01.1983 Дата инв: 08.02.2018 Бележки инв: П2018 Книги
Изтеглен Не е изгубен Universal Decimal Classification Не е повреден без рестрикции заемане за дома 211585 Регионална библиотека "Любен Каравелов" Русе Регионална библиотека "Любен Каравелов" Русе Заемна - подръчен фонд 1983-01-01 Заемна - подръчен фонд 0.80 383010 П 796.8(092)/А 12 383010 3 0.41 Дост: Pk Вид: Ф N: стар фонд Дата: 01.01.1983 Книги
Vip Innovations Ltd, Rousse, Bulgaria 2025